| 000 -LEADER |
| fixed length control field |
00428nam a22001577a 4500 |
| 005 - DATE AND TIME OF LATEST TRANSACTION |
| control field |
20230808160937.0 |
| 008 - FIXED-LENGTH DATA ELEMENTS--GENERAL INFORMATION |
| fixed length control field |
230808s1979 gw ||||| |||| 00| 0 ger d |
| 041 ## - LANGUAGE CODE |
| Language code of text/sound track or separate title |
ger |
| 080 ## - UNIVERSAL DECIMAL CLASSIFICATION NUMBER |
| Universal Decimal Classification number |
902 C-94 |
| 100 ## - MAIN ENTRY--PERSONAL NAME |
| Personal name |
CUPPERS, Heinz |
| 9 (RLIN) |
19639 |
| 245 ## - TITLE STATEMENT |
| Title |
Otrang Roman Villa / |
| Statement of responsibility, etc. |
Heinz CUPPERS. |
| 264 ## - PRODUCTION, PUBLICATION, DISTRIBUTION, MANUFACTURE, AND COPYRIGHT NOTICE |
| Place of production, publication, distribution, manufacture |
Mainz, |
| Date of production, publication, distribution, manufacture, or copyright notice |
1979. |
| 300 ## - PHYSICAL DESCRIPTION |
| Extent |
40 p. |
| Other physical details |
ill.; |
| Dimensions |
18 cm. |
| 653 ## - INDEX TERM--UNCONTROLLED |
| keyword |
ოტრანგ რომან ვილა |
| 942 ## - ADDED ENTRY ELEMENTS (KOHA) |
| Source of classification or shelving scheme |
|
| Koha item type |
წიგნი |